| 000 | 01459cam a22003854a 4500 | ||
|---|---|---|---|
| 001 | 15499742 | ||
| 003 | Nust- CAS-E | ||
| 005 | 20180118181404.0 | ||
| 008 | 081027s2009 enka b 001 0 eng | ||
| 010 | _a 2008047076 | ||
| 020 | _a9780470742747 (cloth) | ||
| 020 | _a0470742747 (cloth) | ||
| 020 | _a9780470742754 (pbk. : alk. paper) | ||
| 020 | _a0470742755 (pbk. : alk. paper) | ||
| 035 | _a(OCoLC)ocn264671151 | ||
| 040 |
_aDLC _beng _cDLC _dYDXCP _dBWKUK _dBWK _dCDX _dBTCTA _dHEBIS _dDEBBG _dOCL _dVP@ _dBDX _dDLC |
||
| 050 | 0 | 0 |
_aQC776 _b.M34 2009 |
| 082 | 0 | 0 |
_a539.7 _222 _bMAR 2009 |
| 084 |
_aUO 1000 _2rvk |
||
| 084 |
_aPHY 400f _2stub |
||
| 100 | 1 |
_aMartin, B. R. _q(Brian Robert) |
|
| 245 | 1 | 0 |
_aNuclear and particle physics / _cB.R. Martin. |
| 250 | _a2nd ed. | ||
| 260 |
_aChichester, U.K. : _bWiley, _c2009. |
||
| 300 |
_axviii, 453 p. : _bill. ; _c26 cm. |
||
| 502 | _a0 | ||
| 504 | _aIncludes bibliographical references (p. [437]-442) and index. | ||
| 650 | 0 |
_aNuclear physics _vTextbooks. |
|
| 650 | 0 |
_aParticles (Nuclear physics) _vTextbooks. |
|
| 655 | 4 | _aLehrbuch. | |
| 856 | 4 | 1 |
_3Table of contents _uhttp://bvbr.bib-bvb.de:8991/F?func=service&doc_library=BVB01&doc_number=018665365&line_number=0001&func_code=DB_RECORDS&service_type=MEDIA |
| 906 |
_a7 _bcbc _corignew _d1 _eecip _f20 _gy-gencatlg |
||
| 942 |
_2ddc _cBK |
||
| 999 |
_c355528 _d355528 |
||